Matky a dcéry na striebornom plátne Od našej vyslanej redaktorky z Medzinárodného filmového festivalu v Karlových Varoch

Bibliographic Details
Main Author: Ťapajová, Elena, 1944-2023 (Author)
Format: Article
Language:Slovak
PhysicalDescription:Obr. 4.
Subjects:

MARC

LEADER 00000nab a2200000 a 4500
001 vtls000064334
003 SK-MaSNL
005 20260303201822.0
008 160201c1980 xo 0 slo
015 |a SNBRB19rr/mm-uuuuu 
035 |a CL0074434 
040 |a SNKBUCL  |b slo  |c SNKBUCL  |e AACR2 
041 0 |a slo 
044 |a xo  |c SK 
080 |a 791.4  |2 1981 
100 1 |a Ťapajová, Elena,  |d 1944-2023  |4 aut  |9 5234 
245 1 0 |a Matky a dcéry na striebornom plátne  |b Od našej vyslanej redaktorky z Medzinárodného filmového festivalu v Karlových Varoch  |c Elena Ťapajová 
300 |b Obr. 4. 
650 0 7 |a filmy  |2 snkbucl  |9 3250 
651 7 |a 3403  |2 snkbucl  |9 921405 
655 7 |a články z novín a časopisov  |2 snkbucl  |9 267496 
773 0 |t Slovensko  |g Roč. 32, č. 30 (1980), s. 20-21 
850 |a Slovenská národná knižnica v Martine  |a MTA001 
852 |a SNK  |b KIS3GCP 
958 |a RK 
958 |a CZ 
992 |a RBX 
999 |c 2176413  |d 2178343